000 00861nam a2200265 a 4500
001 000047316
003 DO-SdBNP
005 20211103122025.0
007 ta
008 180404s2017 dr 000 j spa d
020 _a9789945600810
040 _aDO-SdBNP
_bspa
_cBNPHU
082 4 _aRD863.5
_bM578ó
_222
100 1 _aMesa Ortiz, Secundina,
_974987
_d1966-
245 1 0 _aOtros mitos de mi gente /
_cSecundina Mesa Ortiz ; prólogo Julián Morillo.
260 _aSanto Domingo :
_bSantuario,
_c2017.
300 _a68 p. ;
_c24 cm.
500 _aIncluye datos biográficos de la autora en la solapa de la cubierta
590 _aInventariado, 2018/ YL
650 4 _aCuentos dominicanos
_980420
650 4 _aLiteratura dominicana
_980421
700 1 _aMorillo, Julián,
_epról.
_928495
910 _aValidado. Control de calidad MFF
942 _2ddc
_cLBS1
999 _c46804
_d46804